Mythos und phantastik: funktion und struktur der cthulhu-mythologie in den phantastischen erzahlungen H.P. Lovecrafts

Збережено в:
Бібліографічні деталі
Автор: Zachrau, Thekla
Формат: Книга
Мова:Undetermined
Опубліковано: New York, Estados Unidos Berlag 1986
Предмети:
Теги: Додати тег
Немає тегів, Будьте першим, хто поставить тег для цього запису!

MARC

LEADER 00000nam a2200000Ia 4500
008 170316s9999 xx 000 0 und d
090 |a 291 Z-1m 
100 |a Zachrau, Thekla 
245 |a Mythos und phantastik: funktion und struktur der cthulhu-mythologie in den phantastischen erzahlungen H.P. Lovecrafts 
260 |a New York, Estados Unidos 
260 |b Berlag 
260 |c 1986 
300 |a 273 páginas 
650 |a MITOLOGÍA 
999 |c 18162  |d 18162 
040 |a cru BVZT 
942 |c 15 D  |h 291 Z-1m  |2 z